01885nam a2200217Ia 45000010005000000080041000050100009000460410014000550820017000692450192000862600027002783000007003055200007003126300028003196300013003476500024003607000025003847000037004097000044004465201177004902053241029s9999 xx 000 0 und d a1923 aEspañol a370-078-2007 0aFactores de deserción en la Carrera de Medicina en el Período Enero-Abril, 2006 hasta el Período Septiembre-Diciembre 2006 en la Universidad Central del Este, San Pedro de Macorís aSan Pedro de Macorís a35 a37 aDeserción Estudiantil aFactores aDeserción Escolar easesoraBasora, Olga eautoraContreras Botello, Raúl eautoraDíaz Pérez , Carmen Antonia  aEl estudio se planteó como único objetivo el conocer la tasa de deserción y analizar los diferentes factores de riesgo con el fin de contribuir a la solución del problema. Se realizo un estudio descriptivo donde fueron encuestados los 119 estudiantes que desertaron en el período Enero-Abril 2006.Los resultados fueron que la mayor tasa de deserción según la edad de 18-24 con el 80.7% de los estudiantes, siendo en su mayoría de sexo femenino y es el factor económico el que predomina para que esto suceda, seguido de los horarios de clases que dificultan la asistencia y puntualidad. El estudio también reflejó que el hecho de que las mujeres tengan la mayor tasa de deserción se debe a que éstas muchas veces cambian su estado civil de solteras a casadas y esto conlleva a nuevas obligaciones y al cambio de forma de vida. El estudio sugiere que la universidad debe fomentar el crédito educativo, financiamiento flexible y con bajo interés, la universidad debe dar seguimiento a los departamentos de Psicología con el fin de identificar los factores de la deserción y tomarlos en consideración para la solución de esta situación.